|
|
|
|
| LEADER |
00668nam a22002172a 4500 |
| 001 |
000206459 |
| 003 |
CZ BrMZK |
| 005 |
20021108104114.0 |
| 007 |
ta |
| 008 |
010907s1966 it f cze d |
| 040 |
|
|
|a BOA001
|b cze
|c BOA001
|
| 100 |
1 |
|
|a Vrána, Karel,
|d 1925-2004
|7 jn19981002366
|4 aut
|
| 245 |
1 |
0 |
|a Věda a Bible o původu světa /
|c Pavel Želivan
|
| 260 |
|
|
|a Řím :
|b Křesťanská akademie,
|c 1966
|
| 300 |
|
|
|a 102 s.
|
| 490 |
1 |
|
|a Studium ;
|v č.7.
|
| 504 |
|
|
|a Bibliografie na s. 99-100
|
| 830 |
|
0 |
|a Studium
|
| 910 |
|
|
|a BOA001
|b 1-0959.820
|
| 990 |
|
|
|a BK
|
| 996 |
6 |
|
|b 2619941023
|c 1-0959.820
|l MZK
|r Sklad / do 1 hodiny
|n 1
|w 000206459
|u 000010
|a 1
|e BOA001
|j MZK50
|s P
|